Où se trouve l'uranium ? - Statistiques

Statistiques générales
  • Ce quiz a été pris 22 fois
  • Le résultat moyen est 32 sur 50
Statistiques - réponses
Hint Réponse % Correct
Fermé Europe Allemagne
90%
En activité Océanie Australie
90%
En activité Asie Chine
90%
En activité Amérique Etats-Unis
90%
En activité Asie Inde
90%
En activité Asie/Europe Russie
90%
En activité Europe Ukraine
90%
En activité Afrique Afrique-du-Sud
85%
En activité Amérique Canada
85%
En activité Asie Pakistan
85%
Fermé Europe France
80%
Ressources non exploitées Europe Italie
80%
Fermé Europe Pologne
80%
Fermé Afrique RD Congo
80%
Fermé Europe Suède
80%
En activité Amérique Argentine
75%
En activité Amérique Brésil
75%
Ressources non exploitées Europe Espagne
75%
En activité Afrique Niger
75%
Ressources non exploitées Asie/Europe Turquie
75%
Ressources non exploitées Europe Finlande
70%
En activité Asie Iran
70%
En activité Asie Kazakhstan
70%
Ressources non exploitées Amérique Mexique
70%
Ressources non exploitées Amérique Chili
65%
Ressources non exploitées Asie Japon
65%
En activité Afrique Namibie
65%
En activité Asie Ouzbékistan
65%
Ressources non exploitées Amérique Pérou
65%
Ressources non exploitées Europe Portugal
60%
Ressources non exploitées Europe Slovaquie
60%
Ressources non exploitées Europe Belgique
55%
Ressources non exploitées Europe Grèce
55%
Ressources non exploitées Europe Hongrie
55%
Fermé Europe Slovénie
55%
En activité Europe Tchéquie
55%
Ressources non exploitées Afrique Algérie
50%
Ressources non exploitées Europe Danemark
50%
Ressources non exploitées Asie Indonésie
50%
En activité Europe Roumanie
50%
Ressources non exploitées Afrique Egypte
45%
Ressources non exploitées Asie Mongolie
45%
Ressources non exploitées Afrique Centrafrique
35%
Ressources non exploitées Afrique Tanzanie
35%
Ressources non exploitées Afrique Zimbabwe
35%
Ressources non exploitées Asie Vietnam
30%
En activité Afrique Gabon
25%
Ressources non exploitées Afrique Somalie
25%
En activité Afrique Malawi
15%
Ressources non exploitées Asie Jordanie
10%
Aucun quiz correspondant
Distribution des résultats
% des personnes avec chaque résultat
Percentile par nombre de réponses
Votre historique - résultats
Vous n’avez pas pris ce quiz